Statistiche per razze canine

Clicka qui per fare il quiz!

Statistiche generali

  • Questo quiz è stato fatto 191 volte
  • Il punteggio medio è 10 su 16

Statistiche sulle risposte

Risposta% Corretto
pastore tedesco
95%
bassotto
90%
labrador
87%
husky
86%
carlino
79%
barboncino
74%
pitbull
72%
bulldog francese
69%
rottweiler
56%
border collie
54%
levriero
52%
chihuahua
46%
yorkshire
36%
bull terrier
34%
cavalier king
31%
bovaro del bernese
30%

Distribuzione punteggi

Percentile per numero di risposta

Percentuale di utenti per punteggio

I tuoi punteggi nel tempo

Non hai fatto questo quiz